<?xml version="1.0" encoding="UTF-8"?>
<marc:record xmlns:marc="http://www.loc.gov/MARC21/slim">
   <marc:leader>00000nam a2200000 a 4500</marc:leader>
   <marc:datafield ind1="1" ind2=" " tag="100">
      <marc:subfield code="a">Penny, Louise</marc:subfield>
      <marc:subfield code="4">aut</marc:subfield>
      <marc:subfield code="e">Verfasser/-in</marc:subfield>
   </marc:datafield>
   <marc:datafield ind1="0" ind2="0" tag="245">
      <marc:subfield code="a">Wildes Wasser</marc:subfield>
   </marc:datafield>
   <marc:datafield ind1="0" ind2="0" tag="245">
      <marc:subfield code="b">Der 15. Fall für Gamache</marc:subfield>
   </marc:datafield>
   <marc:datafield ind1="0" ind2="0" tag="245">
      <marc:subfield code="c">Louise Penny</marc:subfield>
   </marc:datafield>
   <marc:datafield ind1=" " ind2="1" tag="264">
      <marc:subfield code="a">Zürich</marc:subfield>
      <marc:subfield code="b">Kampa</marc:subfield>
      <marc:subfield code="c">2022</marc:subfield>
   </marc:datafield>
   <marc:datafield ind1="1" ind2=" " tag="520">
      <marc:subfield code="a">Nach einer Suspendierung wegen diverser Fehlentscheidungen ist Armand Gamache zurück bei der Sûreté du Québec, allerdings nicht als Chief Superintendent, sondern nur als Chief Inspector der Mordkommission &#x96; womit er und Schwiegersohn Jean-Guy Beauvoir jetzt gleichgestellt sind. Die Luft ist zum Zerreißen gespannt an Gamaches erstem Arbeitstag, in den sozialen Medien fällt man über ihn her, und sein neuer Fall hat es in sich: Eine junge schwangere Frau ist verschwunden, womöglich gar ermordet worden. Verdächtigt wird ihr Ehemann, der ihr gegenüber schon mehrmals handgreiflich geworden ist. Als wäre das nicht genug, spielt die Natur in diesem April verrückt: Der Sankt-Lorenz-Strom droht über die Ufer zu treten, und auch der Pegel des Flüsschens Bella Bella in Three Pines steigt und steigt. Schließlich wird der Notstand ausgerufen. Und dann wird am Bella Bella die Leiche einer Frau gefunden</marc:subfield>
   </marc:datafield>
   <marc:datafield ind1=" " ind2=" " tag="020">
      <marc:subfield code="a">9783311120346</marc:subfield>
      <marc:subfield code="9">9783311120346</marc:subfield>
   </marc:datafield>
   <marc:datafield ind1=" " ind2=" " tag="020">
      <marc:subfield code="a">3311120345</marc:subfield>
      <marc:subfield code="9">3311120345</marc:subfield>
   </marc:datafield>
   <marc:datafield ind1=" " ind2=" " tag="500">
      <marc:subfield code="a">Aus dem Kanad. Engl. übers.</marc:subfield>
   </marc:datafield>
   <marc:datafield ind1=" " ind2=" " tag="300">
      <marc:subfield code="a">535 S.</marc:subfield>
   </marc:datafield>
</marc:record>
